Kaiserreich Germany Chancellors - Statistics

General Stats
  • This quiz has been taken 6 times
  • The average score is 5 of 19
Answer Stats
Hint Answer % Correct
Social Democrat Herman Müller
67%
Authoritarian Democrat Kurt von Schleicher
67%
Social Conservative Herbert von Dirksen
33%
Social Conservative Siegfried von Roedern
33%
Social Conservative Adam Stegerwald
17%
Authoritarian Democrat or Paternal Autocrat August Winnig
17%
Authoritarian Democrat or Paternal Autocrat Carl Friedrich Goerdeler
17%
Social Conservative Carl Ulitzka
17%
Authoritarian Democrat or Paternal Autocrat Ferdinand von Bredow
17%
Social Conservative Fritz Schaffer
17%
Social Conservative Konrad Adenauer
17%
Authoritarian Democrat Kuno von Westarp
17%
Market Liberal Otto Hugo
17%
Authoritarian Democrat Paul Lejeune-Jung
17%
Social Liberal Rudolf Schwander
17%
Social Democrat Theodor Haubach
17%
Authoritarian Democrat or Paternal Autocrat Tilo Wilmowsky
17%
Paternal Autocrat Ulrich von Hassell
17%
Paternal Autocrat or National Populist Waldemar Pabst
17%
No matching quizzes found
Score Distribution
Percent of People with Each Score
Percentile by Number Answered
Your Score History
You have not taken this quiz